| 000 | 00905nam a22002777i 4500 | ||
|---|---|---|---|
| 005 | 20220509152919.0 | ||
| 008 | 220509t19881988my ||||e |||| 00| j may d | ||
| 020 |
_a9836205667 _qpaperback |
||
| 040 |
_aPPAK _beng _cPPAK _erda |
||
| 082 | 0 | 4 |
_223 _a899.23301 |
| 090 | 0 | 0 |
_a899.23301 _bHAR _dKAO |
| 100 | 0 |
_aHarun Haji Salleh, _d1935- _eauthor. |
|
| 245 | 1 | 0 |
_aPULUT KUNING DAGING RENDANG / _cHarun Haji Salleh, Jaliha Jaman, Mahmud Eddie, Sitti Rahmah G. Ibrahim |
| 264 | 1 |
_aKuala Lumpur : _bDewan Bahasa dan Pustaka, _c1988 |
|
| 264 | 4 | _c©1988 | |
| 300 |
_av, 125 pages ; _c21 cm |
||
| 336 |
_2rdacontent _atext |
||
| 337 |
_2rdamedia _aunmediated |
||
| 338 |
_2rdacarrier _avolume |
||
| 650 | 1 | 0 | _aShort stories, Malay |
| 650 | 2 | 0 | _aMalay fiction |
| 700 | 0 |
_aJaliha Jaman, _eauthor. |
|
| 700 | 0 |
_aMahmud Eddie, _eauthor. |
|
| 700 | 0 |
_aSitti Rahmah G. Ibrahim _eauthor. |
|
| 942 |
_2ddc _cB |
||
| 999 |
_c187782 _d187782 |
||